City Of Stars- All Lyrics - Statistics

General Stats
  • This quiz has been taken 43 times
  • The average score is 132 of 157
Answer Stats
Hint Answer % Correct
Mia | Seb a
100%
are
100%
Seb city
100%
for
100%
i
100%
just
100%
me?
100%
of
100%
shining
100%
stars
100%
the
100%
you
100%
know
97%
who
97%
so
94%
that
94%
it
91%
much
91%
see
91%
there
91%
and
89%
can't
89%
Both look
89%
there's
89%
be
86%
in
86%
to
86%
alright
83%
if
83%
knows?
83%
will
83%
eyes
80%
first
80%
from
80%
here
80%
i'll
80%
light
80%
love
80%
my
80%
restaurants
80%
want
80%
where
80%
you'll
80%
don't
77%
heart
77%
never
77%
on
77%
says
77%
somebody's
77%
up
77%
all
74%
come
74%
felt
74%
finally
74%
go
74%
rat
74%
skies
74%
someone
74%
touch
74%
true
74%
voice
74%
brightly
71%
care
71%
crowded
71%
dance
71%
embrace
71%
glance
71%
stay
71%
through
71%
with
71%
dreams
69%
else
69%
everybody
69%
feeling
69%
open
69%
shared
69%
shined
69%
tat
69%
Seb think
69%
this
69%
wants
69%
we're
69%
world
69%
bars
66%
crazy
66%
is
66%
it's
66%
one
66%
our
66%
looking
63%
rush
63%
send
63%
thing
63%
smokescreen
60%
yes
60%
cause
57%
now
57%
reeling
46%
need's
43%
may
37%
No matching quizzes found
Score Distribution
Percent of People with Each Score
Percentile by Number Answered
Your Score History
You have not taken this quiz